000 03407nam a2200241Ia 4500
003 Ost
005 20260507074942.0
008 260507s9999||||xx |||||||||||||| ||und||
040 _cfsecg
041 _aara
082 _a658
100 _aبني حمدان، خالد محمد طلال
_eمؤلف
245 0 _aالاستراتيجية و التخطيط الاستراتيجي :
_bمنهج معاصر /
_c خالد محمد طلال بني حمدان
260 _aعمان:
_bدار اليازوري العلمية للنشر و التوزيع,
_c2009
300 _a434 صفحة؛
_bإيضاحات ؛
_c24 سم
504 _aبيبليوغرافيا نهاية كل فصل
520 _aيتناول هذا الكتاب هيكل عملية التخطيط الاستراتيجي مستويات التخطيط والمشاركون في عملية التخطيط التليل البيئي الداخلي حيث عرضت فصوله كالتالي الفصل الأول : ماهية التخطيط الاستراتيجي : مفهوم التخطيط الاستراتيجي وتطوره : التخطيط الاستراتيجي : الخصائص .. الأهمية والفوائد : مدارس الفكر التخطيطي : فلسفات التخطيط الاستراتيجي-الفصل الثاني : عملية التخطيط الاستراتيجي : هيكل عملية التخطيط الاستراتيجي : خطوات عملية التخطيط الاستراتيجي : مستويات التخطيط والمشاركون في عملية التخطيط-الفصل الثالث : التحليل والتشخيص البيئي : مفهوم البيئة والتحليل الاستراتيجي للبيئة : التحليل البيئي الداخلي : أساليب وتقنيات التحليل البيئي الداخلي-الفصل الرابع : تحديد وتعريف الاتجاه الاستراتيجي : الرؤية المستقبلية لمنظمات الأعمال : بيان الرسالة لمنظمات الأعمال : المنظومة القيمية لمنظمات الأعمال : الغايات والأهداف الاستراتيجية للمنظمات : المحاور الاستراتيجية الرئيسة-الفصل الخامس : صياغة وإعداد الخطة الاستراتيجية : ماهية الاستراتيجية : صياغة الخطة الاستراتيجية : قوى التوجيه الاستراتيجي-الفصل السادس : البدائل والخيارات الاستراتيجية : ماهية البدائل والخيارات الاستراتيجية : تتصنيف البدائل الاستراتيجية-الفصل السابع : نشر وتنفيذ الخطة الاستراتيجية : نشر وإيصال الخطة الاستراتيجية : تنفيذ الخطة الاستراتيجية-الفصل الثامن : الخطة التشغيلية ... تحديد مبادرات وبرامج العمل : الخطة التشغيلية-الفصل التاسع : الرقابة وتقييم نتائج الأداء الاستراتيجي : ماهية التقييم والرقابة الاستراتيجية : الأداء ووسائل قياس الأداء
653 _aادارة أعمال
653 _aاستراتيجية
653 _aتخطيط
700 _aمحمد، ادريس وائل
_eمؤلف ثانوي
942 _cكتاب
999 _c41938
_d41938